La seguridad industrial, su administración

Bibliographic Details
Main Author: Grimaldi, John
Format: Section = Libro
Language:Undetermined
Spanish
Published: México Representaciones y Servicios de Ingeniería 1978
Subjects:
LEADER 00569nam a2200193Ia 4500
008 240829s9999 xx 000 0 und d
020 |a 968-6062-09-2 
040 |a BIBLIOTECA-RUPAP 658 G861 
041 |a spa 
082 |a 658 G861 
100 1 |a Grimaldi, John  
245 1 0 |a La seguridad industrial, su administración 
260 |a México  |b Representaciones y Servicios de Ingeniería  |c 1978 
300 |a 650 p. :il. 
650 7 |a ADMINISTRACION 
650 7 |b  SEGURIDAD INDUSTRIAL. I. Simonds, Rollin, coaut. II. Tít. 
942 |c BK  |2 ddc 
991 |a TEXTO 
999 |c 9884